Contracts and deals in Islamic finance : (Record no. 22727)
[ view plain ]
| 000 -LEADER | |
|---|---|
| fixed length control field | 01255cam a22003495a 4500 |
| 001 - CONTROL NUMBER | |
| control field | ssj0001432910 |
| 003 - CONTROL NUMBER IDENTIFIER | |
| control field | OSt |
| 005 - DATE AND TIME OF LATEST TRANSACTION | |
| control field | 20161019155035.0 |
| 008 - FIXED-LENGTH DATA ELEMENTS--GENERAL INFORMATION | |
| fixed length control field | 150131t2015 si a frb 001 0 eng d |
| 020 ## - INTERNATIONAL STANDARD BOOK NUMBER | |
| International Standard Book Number | 9781119020561 |
| 040 ## - CATALOGING SOURCE | |
| Original cataloging agency | CaPaEBR |
| Language of cataloging | eng |
| Description conventions | pn |
| Transcribing agency | CaPaEBR |
| Modifying agency | WaSeSS |
| -- | EG-ScBUE |
| 082 04 - DEWEY DECIMAL CLASSIFICATION NUMBER | |
| Classification number | 332.1091767 |
| Edition number | 22 |
| Item number | KUR |
| 100 1# - MAIN ENTRY--PERSONAL NAME | |
| Personal name | Kureshi, Hussain. |
| 245 10 - TITLE STATEMENT | |
| Title | Contracts and deals in Islamic finance : |
| Remainder of title | a user's guide to cash flows, balance sheets, and capital structures / |
| Statement of responsibility, etc | Hussain Kureshi, Mohsin Hayat. |
| 260 ## - PUBLICATION, DISTRIBUTION, ETC. (IMPRINT) | |
| Place of publication, distribution, etc | Singapore : |
| Name of publisher, distributor, etc | John Wiley & Sons, |
| Date of publication, distribution, etc | c.2015. |
| 300 ## - PHYSICAL DESCRIPTION | |
| Extent | xxiv, 360 p. : |
| Other physical details | ill. ; |
| Dimensions | 24 cm. |
| 490 0# - Series Statement | |
| Series statement | Wiley finance series. |
| 500 ## - GENERAL NOTE | |
| General note | Index : p. 347-360. |
| 504 ## - BIBLIOGRAPHY, ETC. NOTE | |
| Bibliography, etc | Bibliography : p. 343-346.<br/> |
| 506 ## - RESTRICTIONS ON ACCESS NOTE | |
| Terms governing access | Available on campus and off campus with authorized login. |
| 650 #7 - SUBJECT ADDED ENTRY--TOPICAL TERM | |
| Topical term or geographic name as entry element | Finance |
| Geographic subdivision | Islamic countries. |
| Source of heading or term | BUEsh |
| 9 (RLIN) | 32713 |
| 650 #7 - SUBJECT ADDED ENTRY--TOPICAL TERM | |
| Topical term or geographic name as entry element | Banks and banking |
| General subdivision | Religious aspects |
| -- | Islam. |
| Source of heading or term | BUEsh |
| 9 (RLIN) | 32829 |
| 650 #7 - SUBJECT ADDED ENTRY--TOPICAL TERM | |
| Topical term or geographic name as entry element | Finance |
| General subdivision | Religious aspects |
| -- | Islam. |
| Source of heading or term | BUEsh |
| 9 (RLIN) | 28658 |
| 650 #7 - SUBJECT ADDED ENTRY--TOPICAL TERM | |
| Topical term or geographic name as entry element | Contracts. |
| Source of heading or term | BUEsh |
| 9 (RLIN) | 40461 |
| 650 #7 - SUBJECT ADDED ENTRY--TOPICAL TERM | |
| Topical term or geographic name as entry element | Capital investments. |
| Source of heading or term | BUEsh |
| 9 (RLIN) | 36761 |
| 650 #0 - SUBJECT ADDED ENTRY--TOPICAL TERM | |
| Topical term or geographic name as entry element | Cash flow. |
| Source of heading or term | BUEsh |
| 651 ## - SUBJECT ADDED ENTRY--GEOGRAPHIC NAME | |
| Source of heading or term | BUEsh |
| 653 ## - INDEX TERM--UNCONTROLLED | |
| Resource For college | BAEPS, Business Administration |
| Arrived date list | October2016 |
| 700 1# - ADDED ENTRY--PERSONAL NAME | |
| Personal name | Hayat, Mohsin. |
| 797 2# - LOCAL ADDED ENTRY--CORPORATE NAME (RLIN) | |
| Corporate name or jurisdiction name as entry element | ebrary. |
| 942 ## - ADDED ENTRY ELEMENTS (KOHA) | |
| Source of classification or shelving scheme | Dewey Decimal Classification |
| Withdrawn status | Item status | Source of classification or shelving scheme | Damaged status | Not for loan | Vendor | Home library | Current library | Shelving location | Date acquired | Source of acquisition | Cost, normal purchase price | Serial Enumeration / chronology | Total Checkouts | Full call number | Barcode | Date last seen | Cost, replacement price | Koha item type |
|---|---|---|---|---|---|---|---|---|---|---|---|---|---|---|---|---|---|---|
| Dewey Decimal Classification | Academic Bookshop | Central Library | Central Library | First floor | 19/10/2016 | Purchase | 504.00 | 9154 | 332.1091767 KUR | 000034344 | 15/07/2025 | 630.00 | Book - Borrowing |